000 00510nam a2200181Ia 4500
005 20250508162504.0
008 008 250505s9999 xx 000 0 eng d
037 _aTextual
040 _aFEDL
_beng
_cFEDL
041 _aeng
_2eng
084 _a510, SON
_qFEDL
100 _aSoni R S
_9515097
245 0 _aComplete course in business mathematics
260 _aNew Delhi, India
_bPitambar Publishing Company
_c1982
300 _a256p.
942 _cTEXL
_h510, SON
999 _c1376874
_d1376874